|
|
|
|
| LEADER |
00000naa0a2200000 4500 |
| 001 |
599999 |
| 005 |
20250127112423.0 |
| 035 |
|
|
|a (RuTPU)RU\TPU\tpu\24184
|
| 090 |
|
|
|a 599999
|
| 100 |
|
|
|a 20131217d2006 k y0rusy50 ca
|
| 101 |
0 |
|
|a rus
|
| 102 |
|
|
|a RU
|
| 200 |
1 |
|
|a Метод решения задач теории упругости на основе приведения системы дифференциальных уравнений равновесия к диагональному виду
|f А. В. Махов, А. А. Светашков
|
| 333 |
|
|
|a В фонде НТБ ТПУ отсутствует
|
| 461 |
|
|
|t 9 Всероссийский съезд по теоретической и прикладной механике, Нижний Новгород, 22-28 августа 2006 г.
|o аннотации докладов
|d 2006
|
| 463 |
|
|
|t Т. 3
|v С. 143
|d 2006
|
| 610 |
1 |
|
|a труды учёных ТПУ
|
| 700 |
|
1 |
|a Махов
|b А. В.
|
| 701 |
|
1 |
|a Светашков
|b А. А.
|c физик
|c профессор Томского политехнического университета, доктор физико-математических наук
|f 1943-
|g Александр Андреевич
|3 (RuTPU)RU\TPU\pers\25826
|4 070
|9 11699
|
| 801 |
|
1 |
|a RU
|b 63413507
|c 20131217
|
| 942 |
|
|
|c BK
|